Geographic Groups of Four - Water - Statistics

General Stats
  • This quiz has been taken 101 times
  • The average score is 16 of 24
Answer Stats
Hint Answer % Correct
Largest lakes in Minnesota Red Lake
99%
Seas that have color names Red Sea
99%
Seas that have color names Black Sea
97%
River valleys with a civilization in 3000 B.C. Yellow
95%
Seas that have color names Yellow Sea
95%
Seas that border the most countries Mediterranean Sea
91%
Great Lakes that border Canada Lake Erie
88%
Great Lakes that border Canada Lake Superior
85%
Great Lakes that border Canada Lake Ontario
80%
Seas that border the most countries Caribbean Sea
76%
Great Lakes that border Canada Lake Huron
76%
River valleys with a civilization in 3000 B.C. Nile
76%
River valleys with a civilization in 3000 B.C. Tigris / Euphrates
74%
Seas that have color names White Sea
71%
River valleys with a civilization in 3000 B.C. Indus
62%
Seas that border the most countries Baltic Sea
61%
Seas that border the most countries South China Sea
60%
Longest rivers in Russia Ob River
51%
Longest rivers in Russia Lena River
41%
Longest rivers in Russia Amur River
30%
Longest rivers in Russia Yenisei River
30%
Largest lakes in Minnesota Lake of the Woods
11%
Largest lakes in Minnesota Rainy Lake
5%
Largest lakes in Minnesota Mille Lacs Lake
3%
No matching quizzes found
Score Distribution
Percent of People with Each Score
Percentile by Number Answered
Your Score History
You have not taken this quiz